Summa : Revista Bimestral /

En este número presentan El verso, un ensayo de Elías Nandino; Intuición de la muerte de la poesía, de Lilian Serpas y Folklore: dos canciones jaliscienses de Francisco Aceves.

Αποθηκεύτηκε σε:
Λεπτομέρειες βιβλιογραφικής εγγραφής
Άλλοι συγγραφείς: Rivas Sáinz, Arturo (dirección) (dirección), Echavarría, Salvador (dirección) (dirección)
Μορφή: Βιβλίο
Γλώσσα:Ισπανικά
Έκδοση: Guadalajara, México : Summa, 1956
Θέματα:
Ετικέτες: Προσθήκη ετικέτας
Δεν υπάρχουν, Καταχωρήστε ετικέτα πρώτοι!

MARC

LEADER 00000nam^a2200000^a^4500
001 000113572
005 20250521000000.0
009 20260310093948.879
037 |a Acervo ITESO - Biblioteca 
041 |a ESP 
082 |a 805.  |b SUM V. 7-8 
240 1 1 |a [Summa] 
245 0 0 |a Summa :  |b Revista Bimestral /  |c Dir. de A. Rivas Sáinz, S.Echavarría. 
264 1 |a Guadalajara, México :  |b Summa,  |c 1956 
300 |a 83 p. 
336 |a texto  |b txt  |2 rdacontenido 
337 |a sin mediación  |b n  |2 rdamedio 
338 |a volumen  |b nc  |2 rdasoporte 
520 |a En este número presentan El verso, un ensayo de Elías Nandino; Intuición de la muerte de la poesía, de Lilian Serpas y Folklore: dos canciones jaliscienses de Francisco Aceves. 
649 |a XX 
650 |a Literatura -  |x Publicaciones Periódicas Jaliscienses 
650 |a Literatura -  |x Publicaciones Periódicas Mexicanas 
650 |a Poética 
650 |a Poesía Jalisciense 
650 |a Cuentos Jaliscienses 
650 |a Poesía Mexicana 
650 |a Cuentos Mexicanos 
650 |a Literatura Jalisciense 
650 |a Literatura Mexicana 
650 |a Música Popular -  |z Jalisco 
650 |a Música Popular -  |z México 
650 |a Folklore -  |z Jalisco 
650 |a Folklore -  |z México 
650 |a Cuentos Haitianos 
650 |a Literatura Haitiana 
700 |a Rivas Sáinz, Arturo  |e (dirección) 
700 |a Echavarría, Salvador  |e (dirección) 
910 |a Fondo Salvador Reynoso Reynoso 
920 |a Impresos - Libros 
930 |a Fondos Especiales 
940 |a Literatura 
905 |a 112 
901 |a 0800002376  |b IT2  |c ESP  |u 20250521 
902 |a https://opac.biblio.iteso.mx/vufind/Record/000113572